| 000 | 00694nam a2200241 a 4500 | ||
|---|---|---|---|
| 008 | |||
| 020 | _a8185617872 (pbk.) | ||
| 049 | _aMAIN | ||
| 090 | _aTS176 | ||
| 245 | 0 | 0 |
_aPrinciples of engineering manufacture / _cStewart C. Black ... [et al.]. |
| 250 | _a3rd ed. | ||
| 260 |
_aNew Delhi : _bViva Books, _c1998. |
||
| 300 |
_axiv, 637 p. : _bill. ; _c25 cm. |
||
| 504 | _aIncludes bibliographical references. | ||
| 500 | _aIncludes index. | ||
| 650 | 0 | _aProduction engineering. | |
| 700 | 1 | _aChiles, Vic | |
| 907 |
_a.b10124160 _b05-09-05 _c02-06-04 |
||
| 003 | |||
| 005 | 20230123133725.0 | ||
| 040 | _cNUST | ||
| 942 |
_cBOOKS _kTS176 |
||
| 999 |
_c153532 _d153532 |
||